| 000 -LEADER |
| fixed length control field |
00675cam a22002411a 4500 |
| 001 - CONTROL NUMBER |
| control field |
7032226 |
| 005 - DATE AND TIME OF LATEST TRANSACTION |
| control field |
20180131033106.0 |
| 008 - FIXED-LENGTH DATA ELEMENTS--GENERAL INFORMATION |
| fixed length control field |
870916s1961 nyua 000 0 eng |
| 010 ## - LIBRARY OF CONGRESS CONTROL NUMBER |
| LC control number |
62000944 |
| 035 ## - SYSTEM CONTROL NUMBER |
| System control number |
(OCoLC)16697507 |
| 040 ## - CATALOGING SOURCE |
| Original cataloging agency |
DLC |
| Transcribing agency |
OrP |
| Modifying agency |
DLC |
| 041 ## - LANGUAGE CODE |
| Language code of text/sound track or separate title |
eng |
| 042 ## - AUTHENTICATION CODE |
| Authentication code |
premarc |
| 080 ## - UNIVERSAL DECIMAL CLASSIFICATION NUMBER |
| Universal Decimal Classification number |
659.15 WAS |
| 082 0# - DEWEY DECIMAL CLASSIFICATION NUMBER |
| Classification number |
659.15 WAS |
| Edition number |
19 |
| 100 ## - Rafti |
| Rafti |
10 |
| 101 ## - Shkurtesa |
| Shkurtesa |
NUT |
| 245 00 - TITLE STATEMENT |
| Title |
$ & [cents]! |
| Statement of responsibility, etc |
Edited by: Thomas Calak [and others] |
| 740 0# - ADDED ENTRY--UNCONTROLLED RELATED/ANALYTICAL TITLE |
| Uncontrolled related/analytical title |
Dollars and cents. |
| 740 0# - ADDED ENTRY--UNCONTROLLED RELATED/ANALYTICAL TITLE |
| Uncontrolled related/analytical title |
Food retailers' special display idea book. |
| 906 ## - LOCAL DATA ELEMENT F, LDF (RLIN) |
| a |
7 |
| b |
cbc |
| c |
oclcrpl |
| d |
u |
| e |
ncip |
| f |
19 |
| g |
y-gencatlg |
| 942 ## - ADDED ENTRY ELEMENTS (KOHA) |
| Source of classification or shelving scheme |
|
| Item type |
Books |